000 nam a22 7a 4500
999 _c10582
_d10582
008 180219b ||||| |||| 00| 0 eng d
100 _aWasington, B T
_96480
245 _aUpfrom survey
260 _aNew Delhi
_bGoyal Publication